Normal view
MARC view
- Law
Entry Topical Term
001 - CONTROL NUMBER
- control field: 4142
003 - CONTROL NUMBER IDENTIFIER
- control field: OSt
005 - DATE AND TIME OF LATEST TRANSACTION
- control field: 20210826110039.0
008 - FIXED-LENGTH DATA ELEMENTS
- fixed length control field: 210826|| aca||aabn | a|a d
040 ## - CATALOGING SOURCE
- Original cataloging agency: OSt
- Transcribing agency: OSt
150 ## - HEADING--TOPICAL TERM
- Topical term or geographic name entry element: Law
670 ## - SOURCE DATA FOUND
- Source citation: Work cat.: (OSt)2448: Jain M. P. 4141, Outlines of Indian Legal History, c1990
